[Event "Moscow Open A 2015"]
[Site "Moscow RUS"]
[Date "2015.01.31"]
[Round "1.4"]
[White "Korobov, Anton"]
[Black "Fakhrutdinov, Timur"]
[Result "1-0"]
[WhiteTitle "GM"]
[BlackTitle "FM"]
[WhiteElo "2687"]
[BlackElo "2352"]
[WhiteFideId "14105730"]
[BlackFideId "24176702"]
[EventDate "2015.01.31"]

1. e4 c5 2. c3 d5 3. exd5 Qxd5 4. d4 Nf6 5. Nf3 Bg4 6. dxc5 Qxc5 7. Be3 Qc7 8.
Na3 a6 9. h3 Bf5 10. Qa4+ Nbd7 11. Rd1 e6 12. Be2 Be7 13. Bf4 Qc8 14. Bd6 Bxd6
15. Rxd6 O-O 16. O-O Nc5 17. Qh4 Nd5 18. Nd2 Qc7 19. Qg3 Rac8 20. Nac4 Bg6 21.
Bf3 Ne7 22. Rb6 Nd5 23. Qxc7 Rxc7 24. Bxd5 exd5 25. Ne3 Rd8 26. Nf3 Be4 27. Rd1
Bxf3 28. gxf3 Rcd7 29. Rd4 Ne6 30. Rdb4 d4 31. cxd4 Nxd4 32. Rxb7 Rxb7 33. Rxb7
Nxf3+ 34. Kg2 Ne5 35. Ra7 g6 36. Rxa6 Rd2 37. b4 Nd3 38. b5 Rxf2+ 39. Kg3 Rb2
40. b6 Nc5 41. Ra8+ Kg7 42. Nc4 Rb4 43. Rc8 Na4 44. Rc6 Kf8 45. h4 Ke7 46. a3
Rb5 47. Rc7+ Kd8 48. Rxf7 h5 49. b7 Nc5 50. Rf8+ Kc7 51. Rc8+ 1-0

[Event "Moscow Open A 2015"]
[Site "Moscow RUS"]
[Date "2015.01.31"]
[Round "1.5"]
[White "Shtembuliak, Evgeny"]
[Black "Alekseev, Evgeny"]
[Result "1/2-1/2"]
[WhiteTitle "FM"]
[BlackTitle "GM"]
[WhiteElo "2352"]
[BlackElo "2679"]
[WhiteFideId "14113325"]
[BlackFideId "4138147"]
[EventDate "2015.01.31"]

1. e4 c5 2. Nc3 Nc6 3. Nb1 Nb8 4. Nc3 Nc6 5. Bb5 Nb8 6. Bf1 Nc6 7. Bb5 Nd4 8.
Bc4 e6 9. Nge2 Nf6 10. O-O a6 11. a4 d5 12. exd5 exd5 13. Ba2 Bg4 14. h3 Nxe2+
15. Nxe2 Be6 16. Nf4 Qd7 17. Nxe6 fxe6 18. c4 O-O-O 19. d4 Kb8 20. Be3 Qc7 21.
Rc1 dxc4 22. Bxc4 cxd4 23. Bd2 Qd6 24. Qb3 Nd5 25. Ba5 Rd7 26. Rfd1 e5 27. Be2
h5 28. Rc4 Be7 29. Rdc1 e4 30. Rxd4 Rf8 31. Rcd1 e3 32. Rxd5 exf2+ 33. Kf1 Qh2
34. Bf3 Qg1+ 35. Ke2 Bd6 36. Bb6 Re8+ 37. Be3 Rde7 38. R5d3 Rxe3+ 39. Rxe3 Rxe3+
40. Qxe3 Qxd1+ 41. Kxd1 f1=Q+ 42. Qe1 Qd3+ 43. Qd2 Qxd2+ 44. Kxd2 h4 1/2-1/2

[Event "Moscow Open A 2015"]
[Site "Moscow RUS"]
[Date "2015.01.31"]
[Round "1.6"]
[White "Sjugirov, Sanan"]
[Black "Torosyan, Norayr"]
[Result "1-0"]
[WhiteTitle "GM"]
[WhiteElo "2678"]
[BlackElo "2349"]
[WhiteFideId "4189302"]
[BlackFideId "13300431"]
[EventDate "2015.01.31"]

1. d4 Nf6 2. c4 e6 3. Nf3 b6 4. Nc3 Bb4 5. e3 Bb7 6. Bd3 O-O 7. O-O c5 8. Na4
cxd4 9. exd4 Be7 10. Bf4 d6 11. a3 Nbd7 12. Rc1 Re8 13. Re1 Bf8 14. h3 Rc8 15.
b4 Bxf3 16. Qxf3 e5 17. dxe5 Nxe5 18. Bxe5 dxe5 19. Bf5 Rc7 20. c5 bxc5 21. Nxc5
Bxc5 22. Rxc5 Rxc5 23. bxc5 g6 24. Bb1 Kg7 25. Qc3 Qc7 26. Ba2 Nd7 27. c6 Rc8
28. Bd5 Nb6 29. Bf3 f6 30. Rd1 Re8 31. a4 Re7 32. a5 Nc8 33. Qc5 Kh6 34. Be2 Re6
35. Qf8+ Kg5 36. h4+ Kf5 37. g4+ 1-0

[Event "Moscow Open A 2015"]
[Site "Moscow RUS"]
[Date "2015.01.31"]
[Round "1.7"]
[White "Golubev, Roman"]
[Black "Inarkiev, Ernesto"]
[Result "0-1"]
[WhiteTitle "FM"]
[BlackTitle "GM"]
[WhiteElo "2348"]
[BlackElo "2675"]
[WhiteFideId "14202344"]
[BlackFideId "4162722"]
[EventDate "2015.01.31"]

1. e4 e5 2. Nf3 Nc6 3. Bb5 a6 4. Ba4 Nf6 5. O-O Be7 6. d3 d6 7. c3 O-O 8. Re1
Re8 9. Nbd2 Bf8 10. d4 b5 11. Bc2 exd4 12. cxd4 Bg4 13. Nf1 Bxf3 14. gxf3 g6 15.
Ng3 Bg7 16. f4 Nb4 17. Bb1 c5 18. dxc5 dxc5 19. e5 Qxd1 20. Rxd1 Rad8 21. Bd2
Nfd5 22. Be4 f5 23. Bxb4 Nxb4 24. a3 fxe4 25. axb4 Rxd1+ 26. Rxd1 cxb4 27. Nxe4
Rf8 28. Rd4 a5 29. Nd6 b3 30. Nxb5 g5 31. fxg5 Bxe5 32. Rd3 a4 33. Nc3 Rf4 34.
Kf1 Rc4 35. Nxa4 Rxa4 36. Rxb3 Kg7 37. h3 Rf4 38. Kg2 Kg6 39. Rb5 Bd4 40. f3 Be3
41. Kg3 Rd4 42. h4 Bf4+ 43. Kh3 Bd6 44. Rb7 Rf4 45. h5+ Kxg5 46. Rxh7 Rh4+ 47.
Kg2 Rh2+ 48. Kf1 Kf4 49. Rf7+ Ke3 50. Rb7 Bc5 51. Rb5 Kxf3 52. Ke1 Be3 53. Rf5+
Bf4 54. Kd1 Rd2+ 55. Ke1 Rxb2 56. Rd5 Rc2 57. Rd7 Rc1+ 58. Rd1 Rc5 59. Rd7 Rxh5
60. Kd1 Rc5 61. Ke1 Rc8 62. Rd3+ Be3 63. Rd7 Ke4 64. Rf7 Rc2 65. Kd1 Rb2 66. Rd7
Bd4 67. Ke1 Kd3 68. Kf1 Rf2+ 69. Ke1 Rf8 70. Rd5 Re8+ 71. Kd1 Rg8 72. Ke1 0-1

[Event "Moscow Open A 2015"]
[Site "Moscow RUS"]
[Date "2015.01.31"]
[Round "1.8"]
[White "Khismatullin, Denis"]
[Black "Tenikashvili, Georgij"]
[Result "1/2-1/2"]
[WhiteTitle "GM"]
[BlackTitle "FM"]
[WhiteElo "2673"]
[BlackElo "2348"]
[WhiteFideId "4142578"]
[BlackFideId "4134605"]
[EventDate "2015.01.31"]

1. c4 c5 2. Nf3 Nc6 3. d4 cxd4 4. Nxd4 Nf6 5. Nc3 e6 6. Bf4 Bc5 7. e3 O-O 8. Be2
d5 9. Nxc6 bxc6 10. O-O Bd6 11. Bxd6 Qxd6 12. Rc1 Rd8 13. Qc2 e5 14. cxd5 cxd5
15. Rfd1 Be6 16. Qa4 Qb6 17. Qa3 a5 18. Nb5 Rac8 19. Qe7 h6 20. b3 Rxc1 21. Rxc1
d4 22. exd4 exd4 23. Rd1 Rd7 24. Qa3 d3 25. Rxd3 Qxb5 26. Rxd7 Qxd7 27. Qxa5 Qd4
28. Bf1 Ne4 29. Qe1 Nc3 30. a4 Bxb3 31. a5 Bc4 32. Bxc4 Qxc4 33. g3 Ne2+ 34. Kg2
Nd4 35. Qe8+ Kh7 36. Qe4+ g6 37. a6 Qc6 38. Qxc6 Nxc6 39. Kf3 f5 40. g4 Kg7 41.
gxf5 gxf5 42. Kg3 Kg6 43. Kh4 Na7 44. Kg3 Kg5 45. f4+ Kf6 46. Kh4 Kf7 47. Kh5
Kg7 48. Kh4 1/2-1/2

[Event "Moscow Open A 2015"]
[Site "Moscow RUS"]
[Date "2015.01.31"]
[Round "1.9"]
[White "Oganian, Miran"]
[Black "Grachev, Boris"]
[Result "0-1"]
[WhiteTitle "FM"]
[BlackTitle "GM"]
[WhiteElo "2347"]
[BlackElo "2670"]
[WhiteFideId "4122488"]
[BlackFideId "4129199"]
[EventDate "2015.01.31"]

1. d4 d5 2. c4 e6 3. Nf3 a6 4. e3 Nf6 5. Nc3 dxc4 6. Bxc4 b5 7. Bb3 Bb7 8. O-O
c5 9. Qe2 Nbd7 10. Rd1 Qb8 11. d5 exd5 12. Nxd5 Nxd5 13. Bxd5 Bxd5 14. Rxd5 Be7
15. e4 Nb6 16. Rd1 O-O 17. e5 Qc8 18. Bg5 Bxg5 19. Nxg5 Qf5 20. Nf3 Rfe8 21. Qd3
Qxd3 22. Rxd3 h6 23. Kf1 Nc4 24. Rd5 Nxb2 25. Rxc5 Rac8 26. Rxc8 Rxc8 27. Rb1
Nd3 28. Rd1 Rc3 29. h4 Kf8 30. Ke2 Nf4+ 31. Kf1 Nd3 32. Ke2 Nc1+ 33. Ke1 Nxa2
34. Rd8+ Ke7 35. Ra8 Nb4 36. Nd4 Rc4 37. Ra7+ Kd8 38. Nf5 Re4+ 39. Kd2 Rxe5 40.
Nxg7 f6 41. g4 Kc8 42. h5 Rg5 43. Ne6 Rxg4 44. Rc7+ Kb8 45. Rh7 a5 46. Rxh6 a4
47. Rxf6 a3 48. Rf5 a2 49. Rxb5+ Ka7 50. Ra5+ Kb6 51. Ra3 Rc4 52. f4 Rc2+ 53.
Kd1 Rc3 54. Ra4 Kb5 55. Ra7 Na6 56. Nc7+ Rxc7 0-1

[Event "Moscow Open A 2015"]
[Site "Moscow RUS"]
[Date "2015.01.31"]
[Round "1.10"]
[White "Fedoseev, Vladimir3"]
[Black "Yanchenko, Roman"]
[Result "1-0"]
[WhiteTitle "GM"]
[BlackTitle "FM"]
[WhiteElo "2668"]
[BlackElo "2345"]
[WhiteFideId "24130737"]
[BlackFideId "4137329"]
[EventDate "2015.01.31"]

1. e4 d5 2. exd5 Qxd5 3. Nc3 Qa5 4. Nf3 Nf6 5. d4 c6 6. Bd2 Bg4 7. h3 Bh5 8. Bc4
e6 9. Qe2 Bxf3 10. Qxf3 Nbd7 11. O-O-O Bb4 12. a3 Bxc3 13. Bxc3 Qc7 14. Bd2 Nd5
15. h4 b5 16. Bd3 N7b6 17. h5 Nc4 18. Be1 Qf4+ 19. Qxf4 Nxf4 20. Be4 Kd7 21. Rh4
Nd5 22. b3 Nd6 23. Bd3 g5 24. Rh2 h6 25. c4 Nf6 26. f3 a5 27. a4 bxc4 28. bxc4
Ke7 29. g4 c5 30. dxc5 Nb7 31. c6 Nc5 32. Bf2 Na6 33. Bg3 Rhc8 34. c5 Nxc5 35.
Bb5 Nd5 36. Re2 Nf4 37. Rc2 Na6 38. Rd7+ Kf6 39. Bxf4 gxf4 40. Rc4 e5 41. c7 Nb4
42. Rc5 Ra7 43. Bc4 Kg5 44. Rxf7 Na6 45. Bxa6 Rxa6 46. Rxe5+ Kh4 47. Rc5 Kg3 48.
Rc3 Rd6 49. Kc2 Rd4 50. Kb3 Rd2 51. Kc4 Rf2 52. Kb5 Rb2+ 53. Kc6 1-0

[Event "Moscow Open A 2015"]
[Site "Moscow RUS"]
[Date "2015.01.31"]
[Round "1.11"]
[White "Kutuzov, Denis"]
[Black "Petrosian, Tigran L."]
[Result "0-1"]
[BlackTitle "GM"]
[WhiteElo "2336"]
[BlackElo "2663"]
[WhiteFideId "4133617"]
[BlackFideId "13301616"]
[EventDate "2015.01.31"]

1. b4 e5 2. a3 g6 3. Bb2 Bg7 4. Nf3 d6 5. e3 f5 6. c4 Nf6 7. Be2 e4 8. Nd4 c5 9.
Nb3 Qe7 10. d4 exd3 11. Qxd3 Nc6 12. bxc5 dxc5 13. O-O Be6 14. N1d2 Rd8 15. Qc2
O-O 16. Rfe1 b6 17. Nf3 Ne4 18. Bxg7 Qxg7 19. Bd3 Nd6 20. e4 fxe4 21. Bxe4 Nxe4
22. Qxe4 Rd6 23. Rad1 Bf5 24. Qe2 Rxd1 25. Qxd1 Qd7 26. Qc1 Re8 27. Rd1 Qg7 28.
h4 Ne5 29. Nxe5 Qxe5 30. Qg5 Bc2 31. Qxe5 Rxe5 32. Rd8+ Kf7 33. Nd2 Re1+ 34. Kh2
Rd1 35. Rd5 Bf5 0-1

[Event "Moscow Open A 2015"]
[Site "Moscow RUS"]
[Date "2015.01.31"]
[Round "1.12"]
[White "Artemiev, Vladislav"]
[Black "Kholopov, Alexander A."]
[Result "1-0"]
[WhiteTitle "GM"]
[BlackTitle "FM"]
[WhiteElo "2659"]
[BlackElo "2334"]
[WhiteFideId "24101605"]
[BlackFideId "4148100"]
[EventDate "2015.01.31"]

1. e4 c5 2. Nf3 Nc6 3. Bb5 e6 4. O-O Nge7 5. Re1 a6 6. Bf1 d5 7. exd5 Nxd5 8. d4
cxd4 9. Nxd4 Bd7 10. Nf5 Qa5 11. Bd2 Qc5 12. Ne3 Be7 13. Nc3 Nxc3 14. Bxc3 e5
15. Nd5 O-O 16. Bxe5 Bh4 17. g3 Nxe5 18. Rxe5 Qd6 19. Qd4 Bd8 20. Rd1 Rc8 21. c4
Re8 22. Rxe8+ Bxe8 23. Bh3 Ra8 24. c5 Qh6 25. Qe5 Bc6 26. Bg2 Kf8 27. Re1 a5 28.
Ne7 Bxg2 29. Ng6+ 1-0

[Event "Moscow Open A 2015"]
[Site "Moscow RUS"]
[Date "2015.01.31"]
[Round "1.13"]
[White "Atabayev, Saparmyrat"]
[Black "Kokarev, Dmitry"]
[Result "1/2-1/2"]
[WhiteTitle "FM"]
[BlackTitle "GM"]
[WhiteElo "2332"]
[BlackElo "2645"]
[WhiteFideId "14000571"]
[BlackFideId "4132181"]
[EventDate "2015.01.31"]

1. e4 c5 2. Nf3 d6 3. d4 cxd4 4. Nxd4 Nf6 5. Nc3 a6 6. g3 e5 7. Nb3 Be7 8. Bg2
b5 9. a4 b4 10. Nd5 a5 11. Nxf6+ Bxf6 12. Qd5 Ra7 13. Be3 Bb7 14. Qd2 Ra6 15.
O-O Nd7 16. Rfc1 Qa8 17. Bf1 Bxe4 18. Bxa6 Qxa6 19. c3 bxc3 20. Rxc3 O-O 21. Rc7
Nc5 22. Nxc5 dxc5 23. Bxc5 Rd8 24. Rd7 Rxd7 25. Qxd7 h5 26. Re1 Bc6 27. Qc7 Bxa4
28. Be7 Bxe7 29. Qxe7 f6 30. Ra1 Qc4 31. Qd8+ Kh7 32. Qxa5 Bc6 33. Re1 Bb7 34.
Qc3 Qg4 35. Qd3+ Kh8 36. Qd8+ Kh7 37. Qd3+ Kh8 38. Re3 Qa4 39. Qd2 h4 40. gxh4
Qa1+ 41. Re1 Qa4 42. Qd8+ Kh7 43. Qd3+ Kh8 44. b3 Qxh4 45. Re3 Qg5+ 46. Rg3 Qc1+
47. Qf1 Qd2 48. Rh3+ Kg8 49. Qc4+ Kf8 50. Rh8+ Ke7 51. Qc7+ Ke6 52. Qxb7 Qd1+ 1/2-1/2

[Event "Moscow Open A 2015"]
[Site "Moscow RUS"]
[Date "2015.01.31"]
[Round "1.14"]
[White "Mamedov, Rauf"]
[Black "Morgunov, Anatoly"]
[Result "1-0"]
[WhiteTitle "GM"]
[BlackTitle "FM"]
[WhiteElo "2642"]
[BlackElo "2330"]
[WhiteFideId "13401653"]
[BlackFideId "4145909"]
[EventDate "2015.01.31"]

1. c4 e5 2. Nc3 Nf6 3. g3 Nc6 4. Bg2 Bb4 5. Nf3 O-O 6. O-O d6 7. d3 h6 8. Na4 d5
9. cxd5 Qxd5 10. a3 Be7 11. b4 Qe6 12. Bb2 a6 13. Rc1 Re8 14. Nc5 Bxc5 15. Rxc5
Nd7 16. Rc1 Nb6 17. Nd2 f5 18. Nb3 Na4 19. Ba1 Bd7 20. d4 Qd6 21. dxe5 Nxe5 22.
Qxd6 cxd6 23. Bxb7 Ra7 24. Bd5+ Be6 25. Bxe6+ Rxe6 26. Nd4 Re8 27. Nxf5 Rd7 28.
Rfd1 d5 29. Ne3 Nb6 30. Kg2 Rf7 31. Bd4 Nbc4 32. Nxd5 Nxa3 33. Nc7 Ree7 34. Nxa6
Ng4 35. h3 Nxf2 36. Bxf2 Rxe2 37. Rf1 Nc2 38. Kg1 Rf3 39. b5 Ne3 40. Rc3 Rexf2
41. Rxf2 Rxg3+ 42. Kh2 1-0

[Event "Moscow Open A 2015"]
[Site "Moscow RUS"]
[Date "2015.01.31"]
[Round "1.15"]
[White "Kozlitin, Oleg"]
[Black "Khairullin, Ildar"]
[Result "0-1"]
[WhiteTitle "IM"]
[BlackTitle "GM"]
[WhiteElo "2329"]
[BlackElo "2629"]
[WhiteFideId "4143590"]
[BlackFideId "4151348"]
[EventDate "2015.01.31"]

1. e4 c5 2. Nf3 Nc6 3. d4 cxd4 4. Nxd4 e6 5. Nc3 Qc7 6. g3 a6 7. Bg2 Nf6 8. O-O
h5 9. h3 Bc5 10. Be3 d6 11. Qd2 Ne5 12. b3 Bd7 13. f4 Ng6 14. Nce2 e5 15. fxe5
dxe5 16. Nf5 O-O 17. c4 Rfd8 18. Bxc5 Qxc5+ 19. Qe3 Qxe3+ 20. Nxe3 h4 21. g4 b5
22. Nd5 bxc4 23. bxc4 Rac8 24. Rac1 Be6 25. Rfd1 Nd7 26. Ne3 Rc6 27. Bf1 Rb8 28.
Nc3 Nc5 29. Rb1 Rcb6 30. Rd8+ Rxd8 31. Rxb6 Rd4 32. Nf5 Bxf5 33. exf5 Nf4 34.
Rc6 Ncd3 35. Rxa6 Rxc4 36. Nd5 Nxd5 37. Bxd3 Rc3 38. Be4 Nf4 39. Ra8+ Kh7 40.
f6+ g6 41. Ra7 Nxh3+ 42. Kh2 Ng5 43. Bd5 Rh3+ 44. Kg2 Rg3+ 45. Kh2 e4 46. Bxe4
Nxe4 47. Rxf7+ Kh6 48. Rf8 Nd2 0-1

[Event "Moscow Open A 2015"]
[Site "Moscow RUS"]
[Date "2015.01.31"]
[Round "1.16"]
[White "Bukavshin, Ivan"]
[Black "Gerasimov, Ivan"]
[Result "1-0"]
[WhiteTitle "GM"]
[BlackTitle "FM"]
[WhiteElo "2622"]
[BlackElo "2327"]
[WhiteFideId "4199758"]
[BlackFideId "4196562"]
[EventDate "2015.01.31"]

1. d4 Nf6 2. c4 e6 3. Nf3 Bb4+ 4. Bd2 c5 5. Bxb4 cxb4 6. e3 O-O 7. Be2 d6 8. O-O
a5 9. a3 Na6 10. Nbd2 Re8 11. Qc2 e5 12. dxe5 dxe5 13. c5 bxa3 14. bxa3 Qe7 15.
Rfc1 Bg4 16. h3 Bxf3 17. Bxf3 e4 18. Be2 Rac8 19. Bxa6 bxa6 20. Qc4 Rc6 21. Nb3
Nd7 22. Rab1 h6 23. Qd5 Ne5 24. Nxa5 1-0

[Event "Moscow Open A 2015"]
[Site "Moscow RUS"]
[Date "2015.01.31"]
[Round "1.17"]
[White "Demianjuk, Alexander"]
[Black "Ponkratov, Pavel"]
[Result "1-0"]
[BlackTitle "GM"]
[WhiteElo "2327"]
[BlackElo "2620"]
[WhiteFideId "4134249"]
[BlackFideId "4157800"]
[EventDate "2015.01.31"]

1. e4 d6 2. d4 Nf6 3. Nc3 e5 4. Nf3 Nbd7 5. Bc4 Be7 6. O-O O-O 7. a4 a6 8. Re1
b6 9. h3 c6 10. Ba2 Rb8 11. Be3 b5 12. axb5 axb5 13. b4 Qc7 14. Bb3 Re8 15. Ng5
Rf8 16. Nf3 Nb6 17. dxe5 dxe5 18. Bc5 Ne8 19. Qe2 Bxc5 20. bxc5 Nd7 21. Qe3 Qd8
22. Na2 b4 23. Nc1 Nc7 24. Nd3 Qe7 25. Ra7 Rb7 26. Ra4 h6 27. Rxb4 Na6 28. Rxb7
Bxb7 29. Ra1 Naxc5 30. Nxc5 Nxc5 31. Ra5 Nd7 32. Qc3 c5 33. Ra7 Bc6 34. Qd3 Ra8
35. Rc7 Qf6 36. g3 Rd8 37. Kg2 Kf8 38. Bd5 Bxd5 39. Qxd5 Ke8 40. Nh4 g6 41. Rc6
Qg5 42. Rd6 Nf8 43. Rxd8+ Qxd8 44. Qxe5+ Qe7 45. Qb8+ Qd8 46. Qxd8+ Kxd8 47. Nf3
Ne6 48. h4 1-0

[Event "Moscow Open A 2015"]
[Site "Moscow RUS"]
[Date "2015.01.31"]
[Round "1.18"]
[White "Volkov, Sergey"]
[Black "Hambardzumian, Yuri"]
[Result "1-0"]
[WhiteTitle "GM"]
[BlackTitle "IM"]
[WhiteElo "2618"]
[BlackElo "2326"]
[WhiteFideId "4122763"]
[BlackFideId "13302795"]
[EventDate "2015.01.31"]

1. d4 Nf6 2. c4 c5 3. d5 b5 4. Nf3 e6 5. Bg5 h6 6. Bxf6 Qxf6 7. Nc3 a6 8. e4
bxc4 9. e5 Qd8 10. Bxc4 Qb6 11. O-O Be7 12. Qe2 Bb7 13. Rfd1 O-O 14. Rac1 exd5
15. Bxd5 Nc6 16. Ne4 Rac8 17. h3 Nd4 18. Nxd4 cxd4 19. Rxc8 Rxc8 20. Bxb7 Qxb7
21. Rxd4 Rc1+ 22. Kh2 Qc7 23. Rd5 Qb7 24. Rd3 Rc4 25. Nc3 Bc5 26. Qd2 Qb6 27.
Nd5 Qe6 28. f4 d6 29. b3 Re4 30. Nc3 Bb4 31. exd6 Qd7 32. a3 Bxc3 33. Qxc3 Re8
34. Qc7 Rd8 35. f5 g6 36. Qxd7 Rxd7 37. Kg3 Kf8 38. Kf4 Ke8 39. Ke5 1-0

[Event "Moscow Open A 2015"]
[Site "Moscow RUS"]
[Date "2015.01.31"]
[Round "1.19"]
[White "Murtazin, Bulat"]
[Black "Goganov, Aleksey"]
[Result "1/2-1/2"]
[WhiteTitle "FM"]
[BlackTitle "GM"]
[WhiteElo "2326"]
[BlackElo "2615"]
[WhiteFideId "24151351"]
[BlackFideId "24109959"]
[EventDate "2015.01.31"]

1. d4 Nf6 2. c4 e6 3. Nf3 b6 4. a3 Bb7 5. Nc3 d5 6. cxd5 Nxd5 7. Qc2 Be7 8. e4
Nxc3 9. bxc3 O-O 10. Bd3 c5 11. O-O Qc8 12. Qe2 Ba6 13. c4 cxd4 14. e5 Nc6 15.
Ng5 Bxg5 16. Bxg5 f5 17. exf6 gxf6 18. Bxh7+ Kf7 19. Bh6 Rh8 20. Qh5+ Ke7 21.
Bg7 Qe8 22. Qh6 Qf7 23. Rfe1 Rhg8 24. Bxg8 Rxg8 25. Qf4 e5 26. Bh6 Bxc4 27. g3
Bd5 28. Qf5 Qg6 29. Qxg6 Rxg6 30. Bd2 e4 31. Bf4 d3 32. f3 f5 33. fxe4 fxe4 34.
Rad1 Kd7 35. Rc1 Nd4 36. Rc7+ Kd8 37. Kf2 Rf6 38. Rec1 Rxf4+ 39. gxf4 d2 40.
Rc8+ Kd7 41. Rd1 Kxc8 42. Rxd2 e3+ 43. Kxe3 Nf5+ 44. Kf2 Bc6 45. h4 Nxh4 46. Kg3
Nf5+ 47. Kg4 Ne7 48. Kg5 Bd7 49. Kf6 Kd8 50. Ke5 a5 51. Rh2 Kc7 52. Rh7 Ng6+ 53.
Ke4 Nf8 54. Rf7 Ne6 55. Ke5 Nd8 56. Rh7 Kc6 57. f5 b5 58. f6 Be8 59. Ra7 a4 60.
Ra8 Kc7 61. Kd4 Bc6 62. Ra7+ Kd6 63. f7 Ne6+ 64. Kc3 Bd5 1/2-1/2

[Event "Moscow Open A 2015"]
[Site "Moscow RUS"]
[Date "2015.01.31"]
[Round "1.20"]
[White "Demchenko, Anton"]
[Black "Savitskiy, Sergey"]
[Result "1-0"]
[WhiteTitle "GM"]
[BlackTitle "FM"]
[WhiteElo "2611"]
[BlackElo "2325"]
[WhiteFideId "4160258"]
[BlackFideId "24105660"]
[EventDate "2015.01.31"]

1. e4 c5 2. Nf3 d6 3. d4 cxd4 4. Nxd4 Nf6 5. Nc3 e6 6. g4 h6 7. h4 Nc6 8. Rg1 d5
9. exd5 Nxd5 10. Nxd5 exd5 11. Be3 Be7 12. Qd2 Ne5 13. Be2 Bxh4 14. O-O-O Bf6
15. f4 Nc4 16. Bxc4 dxc4 17. Qg2 Qa5 18. g5 hxg5 19. fxg5 Be5 20. Nc6 Bxb2+ 21.
Kb1 bxc6 22. Qxc6+ Bd7 23. Qxa8+ Ke7 24. Rxd7+ 1-0

[Event "Moscow Open A 2015"]
[Site "Moscow RUS"]
[Date "2015.01.31"]
[Round "1.21"]
[White "Mischuk, Dmitry"]
[Black "Fier, Alexandr"]
[Result "0-1"]
[WhiteTitle "IM"]
[BlackTitle "GM"]
[WhiteElo "2323"]
[BlackElo "2604"]
[WhiteFideId "14118734"]
[BlackFideId "2107139"]
[EventDate "2015.01.31"]

1. e4 c5 2. Nf3 e6 3. d4 cxd4 4. Nxd4 Nc6 5. Nc3 Qc7 6. Be3 a6 7. Qd2 Nf6 8. f4
Bb4 9. Bd3 O-O 10. a3 Be7 11. Nf3 b5 12. e5 Ng4 13. Ne4 Nxe3 14. Qxe3 Qa7 15.
Qe2 f5 16. exf6 gxf6 17. h4 f5 18. Neg5 d5 19. Nd2 Bf6 20. c3 e5 21. fxe5 Nxe5
22. O-O-O d4 23. cxd4 Nxd3+ 24. Qxd3 Qxd4 25. Qxd4 Bxd4 26. Rhe1 f4 27. Kb1 Bf5+
28. Ka2 Bf2 29. Re2 Bxh4 30. Ndf3 Bxg5 31. Nxg5 Bg4 32. Nf3 Rae8 33. Rxe8 Rxe8
34. Rd4 Bxf3 35. gxf3 Rf8 36. Rd6 Kg7 37. Rxa6 h5 38. a4 bxa4 39. Ka1 h4 0-1

[Event "Moscow Open A 2015"]
[Site "Moscow RUS"]
[Date "2015.01.31"]
[Round "1.22"]
[White "Savchenko, Boris"]
[Black "Kotlyar, Kirill"]
[Result "1-0"]
[WhiteTitle "GM"]
[BlackTitle "FM"]
[WhiteElo "2599"]
[BlackElo "2320"]
[WhiteFideId "4147332"]
[BlackFideId "24145599"]
[EventDate "2015.01.31"]

1. e4 c6 2. Nf3 d5 3. Nc3 dxe4 4. Nxe4 Nf6 5. Nxf6+ exf6 6. g3 Bd6 7. Bg2 O-O 8.
O-O Bg4 9. d4 Re8 10. c4 Qd7 11. Be3 Na6 12. Qc2 Rad8 13. a3 Nc7 14. Rfe1 Bf5
15. Qc3 Be4 16. Rad1 a6 17. a4 b5 18. cxb5 cxb5 19. Ne5 fxe5 20. Bxe4 Qe7 21.
Qc2 g6 22. Bc6 Bb4 23. Bd2 Bxd2 24. Rxe5 Qf6 25. Bxe8 Ba5 26. Bc6 Bb6 27. axb5
Bxd4 28. Re2 axb5 29. Kg2 Ne6 30. Be4 h5 31. h4 Rb8 32. Bd5 Ng7 33. Rxd4 Qxd4
34. Bxf7+ Kh8 35. Qxg6 1-0

[Event "Moscow Open A 2015"]
[Site "Moscow RUS"]
[Date "2015.01.31"]
[Round "1.23"]
[White "Manakova, Maria"]
[Black "Shimanov, Aleksandr"]
[Result "1/2-1/2"]
[WhiteTitle "WGM"]
[BlackTitle "GM"]
[WhiteElo "2318"]
[BlackElo "2591"]
[WhiteFideId "927007"]
[BlackFideId "4198603"]
[EventDate "2015.01.31"]

1. e4 d6 2. d4 Nf6 3. f3 d5 4. e5 Nfd7 5. f4 c5 6. Nf3 Nc6 7. Nc3 cxd4 8. Nxd4
Nxd4 9. Qxd4 e6 10. a3 Nb8 11. f5 Nc6 12. Bb5 a6 13. Bxc6+ bxc6 1/2-1/2

[Event "Moscow Open A 2015"]
[Site "Moscow RUS"]
[Date "2015.01.31"]
[Round "1.24"]
[White "Kunin, Vitaly"]
[Black "Yeletsky, Ivan"]
[Result "1-0"]
[WhiteTitle "GM"]
[BlackTitle "FM"]
[WhiteElo "2589"]
[BlackElo "2315"]
[WhiteFideId "4128737"]
[BlackFideId "24180327"]
[EventDate "2015.01.31"]

1. d4 Nf6 2. c4 g6 3. Nc3 d5 4. e3 Bg7 5. cxd5 Nxd5 6. Nxd5 Qxd5 7. Ne2 O-O 8.
Nc3 Qd8 9. Bc4 c6 10. O-O e5 11. dxe5 Bxe5 12. e4 Qe7 13. Qe2 Bg7 14. Bf4 Nd7
15. Bg3 b5 16. Bb3 a5 17. Rfd1 Ne5 18. a3 a4 19. Ba2 Bg4 20. f3 Be6 21. Rac1
Bxa2 22. Nxa2 Nc4 23. Nb4 Rad8 24. Bf2 Bxb2 25. Nxc6 Rxd1+ 26. Rxd1 Qe6 27. Nd4
Qa6 28. Nc2 Qf6 29. Nb4 Bxa3 30. Nd5 Qd6 31. Kh1 Bc5 32. e5 Qc6 33. Qe4 Rc8 34.
Bxc5 Qxc5 35. e6 fxe6 36. Qxe6+ Kg7 37. Qf6+ Kh6 38. Rd4 Qxd4 39. Qxd4 a3 40. g4
Rf8 41. h4 g5 42. hxg5+ Kxg5 43. Ne7 Rf7 44. Nf5 1-0

[Event "Moscow Open A 2015"]
[Site "Moscow RUS"]
[Date "2015.01.31"]
[Round "1.25"]
[White "Rozhkov, Viacheslav"]
[Black "Kazhgaleyev, Murtas"]
[Result "1/2-1/2"]
[WhiteTitle "FM"]
[BlackTitle "GM"]
[WhiteElo "2314"]
[BlackElo "2573"]
[WhiteFideId "4181484"]
[BlackFideId "13700316"]
[EventDate "2015.01.31"]

1. e4 e6 2. d4 d5 3. e5 c5 4. c3 Nc6 5. Nf3 Bd7 6. a3 f6 7. Bd3 Qc7 8. O-O c4 9.
Bc2 O-O-O 10. Re1 Nge7 11. Nbd2 fxe5 12. dxe5 h6 13. Nf1 g5 14. h3 Bg7 15. Qe2
Rhf8 16. Be3 Be8 17. Nd4 Nxd4 18. Bxd4 Bg6 19. Ng3 Bxc2 20. Qxc2 Nc6 21. Bc5
Rfe8 22. Bd6 Qd7 23. Re3 Bf8 24. Rf3 Qg7 25. Rf6 1/2-1/2

[Event "Moscow Open A 2015"]
[Site "Moscow RUS"]
[Date "2015.01.31"]
[Round "1.26"]
[White "Timofeev, Artyom"]
[Black "Zhurikhin, Alexander"]
[Result "1-0"]
[WhiteTitle "GM"]
[BlackTitle "FM"]
[WhiteElo "2568"]
[BlackElo "2314"]
[WhiteFideId "4140419"]
[BlackFideId "4139569"]
[EventDate "2015.01.31"]

1. e4 c6 2. d4 d5 3. f3 Qb6 4. Nc3 e6 5. Rb1 Nf6 6. Be3 dxe4 7. fxe4 e5 8. Nf3
Bg4 9. Be2 Bxf3 10. Bxf3 Nbd7 11. Qd2 Rd8 12. dxe5 Bc5 13. Bxc5 Nxc5 14. Qf2
Nfd7 15. b4 Ne6 16. Qxb6 axb6 17. b5 Ra8 18. a4 Kd8 19. O-O Kc7 20. Bh5 g6 21.
Rxf7 Ng5 22. Rg7 Rhg8 23. Rxg8 Rxg8 24. Be2 Nxe5 25. Kf2 Re8 26. h4 Ne6 27. Ke3
Nc5 28. g4 Nf7 29. Rg1 Nd6 30. Bd3 Kd7 31. g5 Nf5+ 32. Kd2 Nd6 33. Rf1 Ke6 34.
Ke3 Ra8 35. h5 Rg8 36. hxg6 Rxg6 1-0